000 00711nam a2200241Ia 4500
003 OSt
005 20220918230940.0
006 a|||||r|||| 00| 0
007 ta
008 220917b |||||||| |||| 00| 0 eng d
024 _a261,727
037 _cTextual
040 _aARTS
_cARTS
_beng
041 _2eng
_aeng
082 _aY7143.5, L7
100 _aBhattacharya D K
245 0 _aPalaeolithic Europe
_b a summary of some important find with special reference to Central Europe
260 _aOosterhout
_bAnthropological Publications
_c1977
300 _avii,397p.
_ccm.
650 _aSOCIOLOGY
942 _hY7143.5, L7
_cTEXL
_2CC
999 _c289354
_d289354